000 01133nam a22003491i 4500
999 _c2221
_d2221
001 019702664
003 UkOxU
005 20230403093900.0
008 140217s2014 enka j 000 f eng|d
015 _aGBB437848
_2bnb
016 7 _a016682832
_2Uk
020 _a9780440869863 (pbk.) :
035 _a(Uk)016682832
040 _aStDuBDS
_beng
_erda
_cStDuBDS
_dUk
_dKH8
042 _aukblsr
082 0 4 _a823.92 WIL
_223
100 1 _aWilson, Jacqueline,
_eauthor.
245 1 0 _aDiamond /
_cJacqueline Wilson ; illustrated by Nick Sharratt.
264 1 _aLondon :
_bYearling,
_c2014.
300 _a294 pages :
_billustrations (black and white) ;
_c20 cm.
336 _atext
_2rdacontent
336 _astill image
_2rdacontent
337 _aunmediated
_2rdamedia
338 _avolume
_2rdacarrier
490 0 _aA Hetty Feather adventure ;
_v4
500 _aFormerly CIP.
_5Uk
650 0 _aFeather, Hetty (Fictitious character)
_vJuvenile fiction.
651 0 _aGreat Britain
_xHistory
_yVictoria, 1837-1901
_vJuvenile fiction.
655 0 _aChildren's stories.
700 1 _aSharratt, Nick,
_eillustrator.
942 _2ddc
_cNFIC